| 000 | 00975nam a2200289 i 4500 | ||
|---|---|---|---|
| 001 | bg | ||
| 003 | BPK | ||
| 005 | 20201126143923.0 | ||
| 008 | 990506s1984 pl a f |000 0 pol | ||
| 015 | _aPB 1984/5229 | ||
| 020 | _a8321331696 | ||
| 040 |
_aWA N _cBPK |
||
| 041 | 0 | _apol | |
| 080 | _a628.3(1-22) | ||
| 100 | 1 |
_aHeidrich, Zbigniew _eAutor |
|
| 245 | 1 | 0 |
_aWiejskie oczyszczalnie ścieków / _cZbigniew Heidrich, Jan Tabernacki, Mikołaj Sikorski. |
| 260 |
_aWarszawa : _b"Arkady", _c1984. |
||
| 300 |
_a234, [1] s., [1] k. tabl. : _bfot., rys., wykr. ; _c24 cm. |
||
| 504 | _aBibliogr. przy rozdz. | ||
| 650 | 4 |
_aWieś _xhigiena _xurządzenia. |
|
| 650 | 4 | _aOczyszczalnia ścieków | |
| 700 | 1 | _aSikorski, Mikołaj. | |
| 710 | 2 |
_aWydawnictwo "Arkady". _4pbl. |
|
| 700 | 1 |
_aTabernacki, Jan _eAutor |
|
| 856 |
_uhttp://koha.tu.koszalin.pl/cgi-bin/koha/opac-detail.pl?biblionumber=5062 _yKatalog online BPK |
||
| 942 |
_2UKD _cKS |
||
| 999 |
_c5062 _d5062 |
||